00422nam a2200157 a 4500008004100000020001500041100002400056245004000080260004200120300003600162500002000198650001900218003000100237005001700238040000900255  a08790150201 aMankiw, N. Gregory.10aMacroeconomics /cN Gregory Mankiw. aNew York :bWorth Publishers,cc1992. axxxvi, 514 p. :bill. ;c24 cm. aIncludes index. 0aMacroeconomics20230123133314.0 cNUST